[Event "GER-chW Blitz 2019"]
[Site "Magdeburg"]
[Date "2019.05.25"]
[Round "9.8"]
[White "Kushka, Alena"]
[Black "Daemering, Katrin"]
[Result "0-1"]
[WhiteElo "2148"]
[BlackElo "2003"]
[Annotator "NA"]
[PlyCount "112"]
[EventDate "2019.05.25"]
[EventType "tourn"]
[EventCountry "GER"]
[SourceTitle "playchess.com"]
[Source "ChessBase"]
[SourceQuality "1"]
[TimeControl "180+2"]

1. d4 {[%emt 0:00:00]} c5 {[%emt 0:00:00]} 2. d5 {[%emt 0:00:01]} e5 {[%emt 0:00:00]} 3. Nc3 {[%emt 0:00:01]} d6 {[%emt 0:00:01]} 4. e4 {[%emt 0:00:01]} a6 {[%emt 0:00:01]} 5. a4 {[%emt 0:00:02]} g6 {[%emt 0:00:03]} 6. Be2 {[%emt 0:00:08]} Bg7 {[%emt 0:00:01]} 7. Nf3 {[%emt 0:00:01]} Ne7 {[%emt 0:00:02]} 8. O-O {[%emt 0:00:02]} O-O {[%emt 0:00:02]} 9. Ne1 {[%emt 0:00:08]} h6 {[%emt 0:00:02]} 10. f4 {[%emt 0:00:06]} f5 {[%emt 0:00:16]} 11. fxe5 {[%emt 0:00:07]} dxe5 {[%emt 0:00:04]} 12. b3 {[%emt 0:00:24]} fxe4 {[%emt 0:00:10]} 13. d6 {[%emt 0:00:15]} Nf5 {[%emt 0:00:20]} 14. Bc4+ {[%emt 0:00:11]} Kh7 {[%emt 0:00:02]} 15. Nxe4 {[%emt 0:00:05]} b6 {[%emt 0:00:23]} 16. Nf3 {[%emt 0:00:36]} Bb7 {[%emt 0:00:16]} 17. Bd5 {[%emt 0:00:20]} Bxd5 {[%emt 0:00:10]} 18. Qxd5 {[%emt 0:00:01]} Nd7 {[%emt 0:00:03]} 19. Nfg5+ {[%emt 0:00:34]} hxg5 {[%emt 0:00:07]} 20. Nxg5+ {[%emt 0:00:02]} Kh8 {[%emt 0:00:02]} 21. Nf7+ {[%emt 0:00:05]} Rxf7 {[%emt 0:00:02]} 22. Qxf7 {[%emt 0:00:02]} Qe8 {[%emt 0:00:09]} 23. Qd5 {[%emt 0:00:08]} Nf6 {[%emt 0:00:08]} 24. Qd1 {[%emt 0:00:15]} Rd8 {[%emt 0:00:03]} 25. Qe2 {[%emt 0:00:04]} Rxd6 {[%emt 0:00:07]} 26. Bg5 {[%emt 0:00:01]} e4 {[%emt 0:00:17]} 27. Rf4 {[%emt 0:00:02]} Qf7 {[%emt 0:00:07]} 28. Bxf6 {[%emt 0:00:03]} Qxf6 {[%emt 0:00:05]} 29. Raf1 {[%emt 0:00:02]} Kg8 {[%emt 0:00:03]} 30. Rxe4 {[%emt 0:00:02]} Rd8 {[%emt 0:00:06]} 31. g4 {[%emt 0:00:01]} Nd4 {[%emt 0:00:07]} 32. Re8+ {[%emt 0:00:02]} Kh7 {[%emt 0:00:05]} 33. Rxf6 {[%emt 0:00:04]} Nxe2+ {[%emt 0:00:02]} 34. Rxe2 {[%emt 0:00:05]} Bxf6 {[%emt 0:00:01]} 35. Kf2 {[%emt 0:00:01]} Bd4+ {[%emt 0:00:01]} 36. Kf3 {[%emt 0:00:01]} Rf8+ {[%emt 0:00:01]} 37. Kg3 {[%emt 0:00:01]} Rf7 {[%emt 0:00:02]} 38. Re6 {[%emt 0:00:01]} Rb7 {[%emt 0:00:01]} 39. Rc6 {[%emt 0:00:01]} Kg7 {[%emt 0:00:02]} 40. Kf4 {[%emt 0:00:01]} Kf7 {[%emt 0:00:01]} 41. Kg5 {[%emt 0:00:02]} Be3+ {[%emt 0:00:02]} 42. Kh4 {[%emt 0:00:02]} b5 {[%emt 0:00:03]} 43. axb5 {[%emt 0:00:02]} axb5 {[%emt 0:00:01]} 44. Kg3 {[%emt 0:00:03]} Bd4 {[%emt 0:00:02]} 45. h4 {[%emt 0:00:01]} Re7 {[%emt 0:00:02]} 46. Kf4 {[%emt 0:00:01]} Be3+ {[%emt 0:00:02]} 47. Kf3 {[%emt 0:00:01]} Bd4 {[%emt 0:00:03]} 48. g5 {[%emt 0:00:04]} b4 {[%emt 0:00:04]} 49. Rc8 {[%emt 0:00:03]} Rd7 {[%emt 0:00:02]} 50. Ke4 {[%emt 0:00:01]} Bf2 {[%emt 0:00:02]} 51. Rh8 {[%emt 0:00:04]} Rd4+ {[%emt 0:00:03]} 52. Ke5 {[%emt 0:00:03]} Rxh4 {[%emt 0:00:02]} 53. Rc8 {[%emt 0:00:04]} Bd4+ {[%emt 0:00:02]} 54. Kd5 {[%emt 0:00:01]} Rg4 {[%emt 0:00:02]} 55. Rc7+ {[%emt 0:00:02]} Ke8 {[%emt 0:00:04]} 56. Ke6 {[%emt 0:00:04]} Re4+ {[%emt 0:00:02]} 0-1

[Event "GER-chW Blitz 2019"]
[Site "Magdeburg"]
[Date "2019.05.25"]
[Round "9.9"]
[White "Schulze, Lara"]
[Black "Kreismann, Franziska"]
[Result "1-0"]
[WhiteElo "2160"]
[BlackElo "1589"]
[Annotator "NA"]
[PlyCount "66"]
[EventDate "2019.05.25"]
[EventType "tourn"]
[EventCountry "GER"]
[SourceTitle "playchess.com"]
[Source "ChessBase"]
[SourceQuality "1"]
[TimeControl "180+2"]

1. e4 {[%emt 0:00:00]} c6 {[%emt 0:00:00]} 2. d4 {[%emt 0:00:00]} d5 {[%emt 0:00:00]} 3. e5 {[%emt 0:00:00]} Bf5 {[%emt 0:00:01]} 4. Nd2 {[%emt 0:00:01]} e6 {[%emt 0:00:01]} 5. Nb3 {[%emt 0:00:01]} Nd7 {[%emt 0:00:03]} 6. Nf3 {[%emt 0:00:01]} Bb4+ {[%emt 0:00:06]} 7. c3 Ba5 8. Be2 {[%emt 0:00:13]} Bc7 {[%emt 0:00:03]} 9. O-O {[%emt 0:00:08]} Ne7 {[%emt 0:00:04]} 10. Ne1 {[%emt 0:00:12]} Ng6 {[%emt 0:00:02]} 11. g4 {[%emt 0:00:18]} Bxg4 {[%emt 0:00:03]} 12. Bxg4 {[%emt 0:00:02]} Qh4 {[%emt 0:00:10]} 13. Ng2 {[%emt 0:00:08]} Qe7 {[%emt 0:00:06]} 14. f4 {[%emt 0:00:05]} O-O-O {[%emt 0:00:13]} 15. a4 {[%emt 0:00:08]} a6 {[%emt 0:00:02]} 16. Nd2 {[%emt 0:00:08]} c5 {[%emt 0:00:01]} 17. Nf3 {[%emt 0:00:34]} h6 {[%emt 0:00:17]} 18. Be3 {[%emt 0:00:07]} c4 {[%emt 0:00:03]} 19. b3 {[%emt 0:00:03]} Nb6 {[%emt 0:00:08]} 20. a5 {[%emt 0:00:02]} Nd7 {[%emt 0:00:09]} 21. bxc4 {[%emt 0:00:07]} dxc4 {[%emt 0:00:03]} 22. Nd2 {[%emt 0:00:07]} h5 {[%emt 0:00:19]} 23. Bf3 {[%emt 0:00:02]} Nh4 {[%emt 0:00:05]} 24. Nxh4 {[%emt 0:00:09]} Qxh4 {[%emt 0:00:01]} 25. Qe1 {[%emt 0:00:03]} Qe7 {[%emt 0:00:07]} 26. Rb1 {[%emt 0:00:03]} Nb8 {[%emt 0:00:13]} 27. Bxb7+ {[%emt 0:00:03]} Kd7 {[%emt 0:00:02]} 28. Nxc4 {[%emt 0:00:04]} g5 {[%emt 0:00:18]} 29. fxg5 {[%emt 0:00:04]} Rhg8 {[%emt 0:00:01]} 30. h4 {[%emt 0:00:04]} Nc6 {[%emt 0:00:09]} 31. Bxc6+ {[%emt 0:00:02]} Kxc6 {[%emt 0:00:01]} 32. Qf2 {[%emt 0:00:06]} Rd5 {[%emt 0:00:09]} 33. Qxf7 {[%emt 0:00:07]} Qd7 {[%emt 0:00:16]} 1-0

[Event "GER-chW Blitz 2019"]
[Site "Magdeburg"]
[Date "2019.05.25"]
[Round "9.10"]
[White "Braje, Monika"]
[Black "Kunze, Kerstin"]
[Result "0-1"]
[WhiteElo "1781"]
[BlackElo "2066"]
[Annotator "NA"]
[PlyCount "42"]
[EventDate "2019.05.25"]
[EventType "tourn"]
[EventCountry "GER"]
[SourceTitle "playchess.com"]
[Source "ChessBase"]
[SourceQuality "1"]
[TimeControl "180+2"]

1. e4 {[%emt 0:00:00]} e5 {[%emt 0:00:00]} 2. Nf3 {[%emt 0:00:01]} Nc6 {[%emt 0:00:00]} 3. d4 {[%emt 0:00:01]} exd4 {[%emt 0:00:06]} 4. Nxd4 {[%emt 0:00:01]} Bc5 {[%emt 0:00:02]} 5. Be3 {[%emt 0:00:01]} Bb6 {[%emt 0:00:12]} 6. c3 {[%emt 0:00:08]} d6 {[%emt 0:00:07]} 7. Bd3 {[%emt 0:00:05]} Nf6 {[%emt 0:00:01]} 8. O-O {[%emt 0:00:02]} O-O {[%emt 0:00:02]} 9. Kh1 {[%emt 0:00:03]} Ng4 {[%emt 0:00:10]} 10. Nd2 {[%emt 0:00:27]} Nxe3 {[%emt 0:00:20]} 11. fxe3 {[%emt 0:00:01]} Qg5 {[%emt 0:00:02]} 12. Nc4 {[%emt 0:00:22]} Ne5 {[%emt 0:00:09]} 13. Nxb6 {[%emt 0:00:23]} axb6 {[%emt 0:00:03]} 14. Nf3 {[%emt 0:00:06]} Qxe3 {[%emt 0:00:06]} 15. Nxe5 dxe5 16. Rf3 {[%emt 0:00:04]} Qc5 {[%emt 0:00:10]} 17. Rg3 {[%emt 0:00:03]} g6 {[%emt 0:00:08]} 18. Qf3 {[%emt 0:00:04]} Be6 {[%emt 0:00:09]} 19. Rf1 {[%emt 0:00:05]} Bxa2 {[%emt 0:00:14]} 20. Bc2 {[%emt 0:00:12]} Bc4 {[%emt 0:00:03]} 21. Rf2 {[%emt 0:00:05]} Ra1+ {[%emt 0:00:04]} 0-1

[Event "GER-chW Blitz 2019"]
[Site "Magdeburg"]
[Date "2019.05.25"]
[Round "9.11"]
[White "Mader, Lena"]
[Black "Gheng, Simona"]
[Result "0-1"]
[WhiteElo "1839"]
[BlackElo "1991"]
[Annotator "NA"]
[PlyCount "74"]
[EventDate "2019.05.25"]
[EventType "tourn"]
[EventCountry "GER"]
[SourceTitle "playchess.com"]
[Source "ChessBase"]
[SourceQuality "1"]
[TimeControl "180+2"]

1. c4 {[%emt 0:00:00]} e6 {[%emt 0:00:00]} 2. Nc3 {[%emt 0:00:00]} Nf6 {[%emt 0:00:00]} 3. e4 {[%emt 0:00:00]} d5 {[%emt 0:00:10]} 4. e5 {[%emt 0:00:01]} Ng8 {[%emt 0:00:08]} 5. d4 {[%emt 0:00:16]} c6 {[%emt 0:00:02]} 6. Nf3 {[%emt 0:00:06]} Bb4 {[%emt 0:00:03]} 7. cxd5 {[%emt 0:00:16]} cxd5 {[%emt 0:00:03]} 8. Qa4+ {[%emt 0:00:20]} Nc6 {[%emt 0:00:00]} 9. Bb5 {[%emt 0:00:07]} Bxc3+ {[%emt 0:00:02]} 10. bxc3 {[%emt 0:00:03]} Nge7 {[%emt 0:00:01]} 11. O-O {[%emt 0:00:05]} O-O {[%emt 0:00:01]} 12. Ba3 {[%emt 0:00:11]} Bd7 {[%emt 0:00:19]} 13. Qc2 {[%emt 0:00:14]} Re8 {[%emt 0:00:03]} 14. Ng5 {[%emt 0:00:16]} Ng6 {[%emt 0:00:01]} 15. Nf3 {[%emt 0:00:12]} Rc8 {[%emt 0:00:01]} 16. Qd2 {[%emt 0:00:09]} Qa5 {[%emt 0:00:13]} 17. Bd6 {[%emt 0:00:15]} Qxb5 {[%emt 0:00:03]} 18. Rab1 {[%emt 0:00:04]} Qa6 {[%emt 0:00:07]} 19. h4 {[%emt 0:00:04]} h5 {[%emt 0:00:06]} 20. Qg5 {[%emt 0:00:04]} Nce7 {[%emt 0:00:10]} 21. Qxh5 {[%emt 0:00:11]} Nf4 {[%emt 0:00:11]} 22. Qg5 {[%emt 0:00:12]} Ne2+ {[%emt 0:00:08]} 23. Kh1 {[%emt 0:00:03]} Nxc3 {[%emt 0:00:05]} 24. Bxe7 {[%emt 0:00:03]} Rxe7 {[%emt 0:00:07]} 25. Qxe7 {[%emt 0:00:01]} Nxb1 {[%emt 0:00:01]} 26. Rxb1 {[%emt 0:00:05]} Qc6 {[%emt 0:00:15]} 27. Ng5 {[%emt 0:00:03]} Rf8 {[%emt 0:00:35]} 28. h5 {[%emt 0:00:20]} Qc2 {[%emt 0:00:12]} 29. Rf1 {[%emt 0:00:03]} Qe2 {[%emt 0:00:03]} 30. Kg1 {[%emt 0:00:06]} Bb5 {[%emt 0:00:03]} 31. Rb1 {[%emt 0:00:05]} a6 {[%emt 0:00:13]} 32. Nxe6 {[%emt 0:00:01]} fxe6 {[%emt 0:00:09]} 33. Qxe6+ {[%emt 0:00:01]} Kh8 {[%emt 0:00:02]} 34. Rf1 {[%emt 0:00:08]} Qxf1+ {[%emt 0:00:01]} 35. Kh2 {[%emt 0:00:01]} Qxf2 {[%emt 0:00:05]} 36. Qg4 {[%emt 0:00:00]} Qf4+ {[%emt 0:00:01]} 37. Qxf4 Rxf4 {[%emt 0:00:01]} 0-1

[Event "GER-chW Blitz 2019"]
[Site "Magdeburg"]
[Date "2019.05.25"]
[Round "9.12"]
[White "Zimmer, Elke"]
[Black "Kopylov, Luba"]
[Result "0-1"]
[WhiteElo "1926"]
[BlackElo "2078"]
[Annotator "NA"]
[PlyCount "52"]
[EventDate "2019.05.25"]
[EventType "tourn"]
[EventCountry "GER"]
[SourceTitle "playchess.com"]
[Source "ChessBase"]
[SourceQuality "1"]
[TimeControl "180+2"]

1. e4 {[%emt 0:00:00]} c5 {[%emt 0:00:00]} 2. Nc3 {[%emt 0:00:00]} d6 {[%emt 0:00:01]} 3. g3 {[%emt 0:00:00]} g6 {[%emt 0:00:03]} 4. Bg2 {[%emt 0:00:01]} Bg7 5. d3 e6 {[%emt 0:00:03]} 6. Be3 {[%emt 0:00:02]} Ne7 {[%emt 0:00:01]} 7. Qd2 {[%emt 0:00:01]} Nbc6 {[%emt 0:00:02]} 8. Bh6 {[%emt 0:00:04]} O-O {[%emt 0:00:06]} 9. Bxg7 {[%emt 0:00:01]} Kxg7 {[%emt 0:00:02]} 10. Nge2 {[%emt 0:00:06]} Rb8 {[%emt 0:00:08]} 11. O-O {[%emt 0:00:02]} b5 {[%emt 0:00:01]} 12. f4 {[%emt 0:00:18]} b4 {[%emt 0:00:08]} 13. Nd1 {[%emt 0:00:00]} Qb6 {[%emt 0:00:08]} 14. Qe3 {[%emt 0:00:02]} f5 {[%emt 0:00:12]} 15. Nf2 {[%emt 0:00:16]} d5 {[%emt 0:00:35]} 16. e5 {[%emt 0:00:24]} d4 {[%emt 0:00:08]} 17. Qd2 {[%emt 0:00:00]} Na5 {[%emt 0:00:08]} 18. h3 {[%emt 0:00:11]} c4 {[%emt 0:00:02]} 19. Rfe1 {[%emt 0:00:46]} c3 {[%emt 0:00:04]} 20. bxc3 {[%emt 0:00:02]} dxc3 {[%emt 0:00:02]} 21. Qc1 {[%emt 0:00:04]} Bb7 {[%emt 0:00:01]} 22. d4 {[%emt 0:00:09]} Bxg2 23. Kxg2 {[%emt 0:00:01]} Qc6+ {[%emt 0:00:13]} 24. Kg1 {[%emt 0:00:02]} Qf3 {[%emt 0:00:03]} 25. Qd1 {[%emt 0:00:09]} Nd5 {[%emt 0:00:01]} 26. Qd3 {[%emt 0:00:00]} Ne3 {[%emt 0:00:04]} 0-1

[Event "GER-chW Blitz 2019"]
[Site "Magdeburg"]
[Date "2019.05.25"]
[Round "10.1"]
[White "Roesler, Hannah Clara Hed"]
[Black "Kopylov, Luba"]
[Result "1-0"]
[WhiteElo "1619"]
[BlackElo "2078"]
[Annotator "NA"]
[PlyCount "67"]
[EventDate "2019.05.25"]
[EventType "tourn"]
[EventCountry "GER"]
[SourceTitle "playchess.com"]
[Source "ChessBase"]
[SourceQuality "1"]
[TimeControl "180+2"]

1. e4 {[%emt 0:00:00]} c5 {[%emt 0:00:00]} 2. c3 {[%emt 0:00:00]} d5 {[%emt 0:00:01]} 3. exd5 {[%emt 0:00:01]} Qxd5 {[%emt 0:00:02]} 4. d4 {[%emt 0:00:02]} e6 {[%emt 0:00:05]} 5. Nf3 {[%emt 0:00:07]} Nf6 {[%emt 0:00:02]} 6. Na3 {[%emt 0:00:08]} a6 {[%emt 0:00:04]} 7. Nc4 {[%emt 0:00:11]} Nbd7 {[%emt 0:00:11]} 8. Bd3 {[%emt 0:00:26]} cxd4 {[%emt 0:00:13]} 9. cxd4 {[%emt 0:00:26]} Bb4+ {[%emt 0:00:02]} 10. Bd2 {[%emt 0:00:08]} Bxd2+ {[%emt 0:00:02]} 11. Qxd2 {[%emt 0:00:07]} O-O {[%emt 0:00:03]} 12. O-O {[%emt 0:00:12]} b5 {[%emt 0:00:02]} 13. Ne3 {[%emt 0:00:08]} Qh5 {[%emt 0:00:02]} 14. Bc2 {[%emt 0:00:13]} Bb7 {[%emt 0:00:03]} 15. Bd1 {[%emt 0:00:13]} Ng4 {[%emt 0:00:14]} 16. h3 {[%emt 0:00:23]} Nxe3 {[%emt 0:00:07]} 17. fxe3 {[%emt 0:00:06]} Qg6 {[%emt 0:00:07]} 18. Bc2 {[%emt 0:00:07]} Qg3 {[%emt 0:00:05]} 19. Rac1 {[%emt 0:00:06]} Nf6 {[%emt 0:00:06]} 20. Ne5 {[%emt 0:00:12]} Rad8 {[%emt 0:00:31]} 21. Bd3 {[%emt 0:00:10]} Ne4 {[%emt 0:00:10]} 22. Qe1 {[%emt 0:00:08]} Nc5 {[%emt 0:00:14]} 23. Qxg3 {[%emt 0:00:02]} Nxd3 {[%emt 0:00:03]} 24. Nxd3 {[%emt 0:00:02]} Be4 {[%emt 0:00:02]} 25. Ne5 {[%emt 0:00:02]} Bg6 {[%emt 0:00:03]} 26. Nxg6 {[%emt 0:00:01]} hxg6 {[%emt 0:00:02]} 27. Rc7 {[%emt 0:00:02]} Rd5 {[%emt 0:00:05]} 28. Rfc1 {[%emt 0:00:02]} Rfd8 {[%emt 0:00:07]} 29. Rc8 {[%emt 0:00:02]} Kh7 {[%emt 0:00:09]} 30. Rxd8 {[%emt 0:00:02]} Rxd8 {[%emt 0:00:01]} 31. Qh4+ {[%emt 0:00:01]} Kg8 {[%emt 0:00:02]} 32. Qxd8+ {[%emt 0:00:02]} Kh7 {[%emt 0:00:01]} 33. Qh4+ {[%emt 0:00:01]} Kg8 {[%emt 0:00:00]} 34. Rc8# {[%emt 0:00:01]} 1-0

[Event "GER-chW Blitz 2019"]
[Site "Magdeburg"]
[Date "2019.05.25"]
[Round "10.2"]
[White "Gheng, Simona"]
[Black "Zimmer, Elke"]
[Result "1-0"]
[WhiteElo "1991"]
[BlackElo "1926"]
[Annotator "NA"]
[PlyCount "73"]
[EventDate "2019.05.25"]
[EventType "tourn"]
[EventCountry "GER"]
[SourceTitle "playchess.com"]
[Source "ChessBase"]
[SourceQuality "1"]
[TimeControl "180+2"]

1. e4 {[%emt 0:00:00]} e5 {[%emt 0:00:00]} 2. Nf3 {[%emt 0:00:02]} Nc6 {[%emt 0:00:00]} 3. Bb5 {[%emt 0:00:01]} Nf6 {[%emt 0:00:02]} 4. d3 {[%emt 0:00:00]} d6 {[%emt 0:00:03]} 5. c3 {[%emt 0:00:02]} Bd7 {[%emt 0:00:02]} 6. O-O {[%emt 0:00:01]} a6 {[%emt 0:00:02]} 7. Ba4 {[%emt 0:00:01]} Be7 {[%emt 0:00:09]} 8. Nbd2 {[%emt 0:00:02]} O-O {[%emt 0:00:01]} 9. Re1 {[%emt 0:00:01]} Bg4 {[%emt 0:00:17]} 10. Nf1 {[%emt 0:00:00]} b5 {[%emt 0:00:06]} 11. Bc2 {[%emt 0:00:01]} b4 {[%emt 0:00:03]} 12. Ng3 {[%emt 0:00:01]} Qd7 {[%emt 0:00:18]} 13. h3 {[%emt 0:00:02]} Be6 {[%emt 0:00:03]} 14. d4 {[%emt 0:00:08]} exd4 {[%emt 0:00:07]} 15. cxd4 {[%emt 0:00:01]} Bc4 {[%emt 0:00:11]} 16. Nf5 {[%emt 0:00:05]} Rfe8 {[%emt 0:00:06]} 17. Nxe7+ {[%emt 0:00:17]} Nxe7 {[%emt 0:00:05]} 18. b3 {[%emt 0:00:06]} Bb5 {[%emt 0:00:02]} 19. Bb2 {[%emt 0:00:03]} d5 {[%emt 0:00:05]} 20. e5 {[%emt 0:00:02]} Ne4 {[%emt 0:00:17]} 21. Bxe4 {[%emt 0:00:06]} dxe4 {[%emt 0:00:00]} 22. Rxe4 {[%emt 0:00:01]} Bc6 {[%emt 0:00:10]} 23. Re1 {[%emt 0:00:04]} Ng6 {[%emt 0:00:04]} 24. Qd3 {[%emt 0:00:17]} Bb5 {[%emt 0:00:14]} 25. Qe4 {[%emt 0:00:07]} Bc6 26. Qc2 Rac8 {[%emt 0:00:13]} 27. Rac1 {[%emt 0:00:02]} Bd5 {[%emt 0:00:07]} 28. Qc5 {[%emt 0:00:03]} Bxf3 {[%emt 0:00:08]} 29. gxf3 {[%emt 0:00:05]} Qxh3 {[%emt 0:00:01]} 30. Re4 {[%emt 0:00:48]} Nh4 {[%emt 0:00:01]} 31. Rxh4 Qxh4 32. Qxb4 {[%emt 0:00:16]} Qh3 {[%emt 0:00:09]} 33. d5 Qf5 {[%emt 0:00:17]} 34. Qe4 {[%emt 0:00:13]} Qg5+ {[%emt 0:00:04]} 35. Qg4 {[%emt 0:00:06]} Qh6 {[%emt 0:00:08]} 36. Rc6 {[%emt 0:00:06]} Rcd8 {[%emt 0:00:03]} 37. Rxh6 {[%emt 0:00:02]} 1-0

[Event "GER-chW Blitz 2019"]
[Site "Magdeburg"]
[Date "2019.05.25"]
[Round "10.3"]
[White "Kunze, Kerstin"]
[Black "Mader, Lena"]
[Result "1-0"]
[WhiteElo "2066"]
[BlackElo "1839"]
[Annotator "NA"]
[PlyCount "71"]
[EventDate "2019.05.25"]
[EventType "tourn"]
[EventCountry "GER"]
[SourceTitle "playchess.com"]
[Source "ChessBase"]
[SourceQuality "1"]
[TimeControl "180+2"]

1. e4 {[%emt 0:00:01]} c6 {[%emt 0:00:00]} 2. d4 {[%emt 0:00:01]} d5 {[%emt 0:00:00]} 3. Nc3 {[%emt 0:00:02]} dxe4 {[%emt 0:00:01]} 4. Nxe4 {[%emt 0:00:01]} Bf5 {[%emt 0:00:01]} 5. Ng3 {[%emt 0:00:02]} Bg6 {[%emt 0:00:00]} 6. Nf3 {[%emt 0:00:03]} Nd7 {[%emt 0:00:03]} 7. h4 {[%emt 0:00:03]} h6 {[%emt 0:00:01]} 8. h5 {[%emt 0:00:01]} Bh7 {[%emt 0:00:01]} 9. Bd3 {[%emt 0:00:02]} Bxd3 {[%emt 0:00:01]} 10. Qxd3 {[%emt 0:00:01]} Ngf6 {[%emt 0:00:04]} 11. Bd2 {[%emt 0:00:12]} e6 {[%emt 0:00:01]} 12. O-O-O {[%emt 0:00:07]} Be7 {[%emt 0:00:16]} 13. Rdg1 {[%emt 0:00:29]} c5 {[%emt 0:00:20]} 14. Ne4 {[%emt 0:00:13]} c4 {[%emt 0:00:24]} 15. Nxf6+ {[%emt 0:00:07]} Bxf6 {[%emt 0:00:09]} 16. Qxc4 {[%emt 0:00:02]} Rc8 {[%emt 0:00:02]} 17. Qd3 {[%emt 0:00:03]} Qb6 {[%emt 0:00:26]} 18. Kb1 {[%emt 0:00:16]} Nc5 {[%emt 0:00:15]} 19. Qa3 {[%emt 0:00:38]} Ne4 {[%emt 0:00:22]} 20. Be3 {[%emt 0:00:33]} Qc6 {[%emt 0:00:10]} 21. Rc1 {[%emt 0:00:03]} Be7 {[%emt 0:00:18]} 22. Qd3 {[%emt 0:00:01]} O-O {[%emt 0:00:02]} 23. Ne5 {[%emt 0:00:01]} Qd5 {[%emt 0:00:06]} 24. c4 {[%emt 0:00:01]} Nc3+ 25. Rxc3 {[%emt 0:00:07]} Qxg2 {[%emt 0:00:31]} 26. Rd1 {[%emt 0:00:05]} a6 27. Qe2 {[%emt 0:00:03]} Bf6 {[%emt 0:00:09]} 28. Qf3 {[%emt 0:00:03]} Qh2 {[%emt 0:00:03]} 29. Nd7 {[%emt 0:00:01]} Rfd8 {[%emt 0:00:02]} 30. Nxf6+ {[%emt 0:00:02]} gxf6 {[%emt 0:00:02]} 31. Qxf6 {[%emt 0:00:01]} Kh7 {[%emt 0:00:03]} 32. Bxh6 {[%emt 0:00:02]} Rg8 {[%emt 0:00:01]} 33. Bf4 {[%emt 0:00:10]} Qxh5 {[%emt 0:00:02]} 34. Rg3 {[%emt 0:00:09]} Rg6 {[%emt 0:00:05]} 35. Qxf7+ {[%emt 0:00:01]} Kh8 {[%emt 0:00:04]} 36. Qxg6 {[%emt 0:00:01]} 1-0

[Event "GER-chW Blitz 2019"]
[Site "Magdeburg"]
[Date "2019.05.25"]
[Round "10.4"]
[White "Kreismann, Franziska"]
[Black "Braje, Monika"]
[Result "0-1"]
[WhiteElo "1589"]
[BlackElo "1781"]
[Annotator "NA"]
[PlyCount "82"]
[EventDate "2019.05.25"]
[EventType "tourn"]
[EventCountry "GER"]
[SourceTitle "playchess.com"]
[Source "ChessBase"]
[SourceQuality "1"]
[TimeControl "180+2"]

1. d4 {[%emt 0:00:00]} d5 {[%emt 0:00:00]} 2. c4 {[%emt 0:00:00]} e5 {[%emt 0:00:05]} 3. dxe5 {[%emt 0:00:04]} d4 {[%emt 0:00:00]} 4. Nf3 {[%emt 0:00:02]} Nc6 {[%emt 0:00:01]} 5. Bf4 {[%emt 0:00:07]} Be6 {[%emt 0:00:02]} 6. b3 {[%emt 0:00:03]} Bb4+ {[%emt 0:00:03]} 7. Nbd2 {[%emt 0:00:02]} Qd7 {[%emt 0:00:05]} 8. a3 {[%emt 0:00:14]} Bc3 {[%emt 0:00:04]} 9. Rc1 {[%emt 0:00:05]} Bb2 {[%emt 0:00:01]} 10. Rc2 {[%emt 0:00:10]} Bxa3 {[%emt 0:00:02]} 11. Nb1 {[%emt 0:00:14]} Bb4+ {[%emt 0:00:02]} 12. Bd2 {[%emt 0:00:01]} Be7 {[%emt 0:00:03]} 13. Bf4 {[%emt 0:00:14]} Bf5 {[%emt 0:00:02]} 14. Rd2 {[%emt 0:00:06]} Bb4 {[%emt 0:00:01]} 15. g3 {[%emt 0:00:16]} Bxd2+ {[%emt 0:00:03]} 16. Nbxd2 {[%emt 0:00:03]} Nge7 {[%emt 0:00:02]} 17. h4 {[%emt 0:00:09]} O-O-O {[%emt 0:00:06]} 18. Bh3 {[%emt 0:00:04]} Bxh3 {[%emt 0:00:02]} 19. Ne4 {[%emt 0:00:04]} Bg2 {[%emt 0:00:09]} 20. Nc5 {[%emt 0:00:09]} Qe8 {[%emt 0:00:02]} 21. Rg1 {[%emt 0:00:28]} Bxf3 {[%emt 0:00:02]} 22. exf3 {[%emt 0:00:02]} b6 {[%emt 0:00:06]} 23. Nd3 {[%emt 0:00:17]} Ng6 {[%emt 0:00:05]} 24. Bd2 {[%emt 0:00:17]} Ngxe5 {[%emt 0:00:10]} 25. Nxe5 {[%emt 0:00:11]} Qxe5+ {[%emt 0:00:01]} 26. Kf1 {[%emt 0:00:01]} Rhe8 {[%emt 0:00:01]} 27. Kg2 {[%emt 0:00:02]} d3 {[%emt 0:00:04]} 28. Be3 {[%emt 0:00:05]} h6 {[%emt 0:00:11]} 29. b4 {[%emt 0:00:05]} Nxb4 {[%emt 0:00:06]} 30. Qa4 {[%emt 0:00:00]} Qa5 {[%emt 0:00:06]} 31. Ra1 {[%emt 0:00:17]} Qxa4 {[%emt 0:00:02]} 32. Rxa4 {[%emt 0:00:01]} Kb7 {[%emt 0:00:01]} 33. Rxb4 {[%emt 0:00:03]} d2 {[%emt 0:00:04]} 34. Bxd2 {[%emt 0:00:03]} Rxd2 {[%emt 0:00:01]} 35. c5 {[%emt 0:00:03]} Kc6 {[%emt 0:00:04]} 36. cxb6 {[%emt 0:00:02]} axb6 {[%emt 0:00:01]} 37. Rc4+ {[%emt 0:00:02]} Kb7 {[%emt 0:00:01]} 38. f4 {[%emt 0:00:03]} Ree2 {[%emt 0:00:02]} 39. Kf3 {[%emt 0:00:01]} Rxf2+ {[%emt 0:00:01]} 40. Kg4 {[%emt 0:00:01]} Rd3 {[%emt 0:00:05]} 41. Re4 {[%emt 0:00:03]} Rff3 {[%emt 0:00:02]} 0-1